| Поле | Инд. | ПП | Название | Значение |
|---|---|---|---|---|
| Тип записи | a | |||
| Библиографический уровень | m | |||
| 001 | Контрольный номер | RU/IS/BASE/323776533 | ||
| 005 | Дата корректировки | 20140227121008.3 | ||
| 020 | c | Цена, тираж | 0.45 | |
| 040 | a | Служба первич. каталог. | НБ ТвГУ | |
| 041 | 00 | a | Код языка текста | rus |
| 080 | 00 | a | Индекс УДК | 821.161.1.09(075.3) |
| 084 | a | Индекс другой классификации/Индекс ББК | Ш5(2=411.2)я721-1 | |
| 090 | a | Полочн. индекс | 8(075) | |
| x | Авторский знак | К 30 | ||
| 100 | _0 | a | Автор | Качурин Марк Григорьевич |
| q | Полное имя | Качурин М. Г. | ||
| 245 | 10 | a | Заглавие | Русская литература |
| b | Продолж. заглавия | учебник для 9-го класса средней школы | ||
| 250 | a | Основные сведения об издании | 14-е изд. | |
| 260 | a | Место издания | Москва | |
| b | Издательство | Просвещение | ||
| c | Дата издания | 1981 | ||
| 300 | a | Объем | 382 с. | |
| b | Иллюстрации/ тип воспроизводства | ил. | ||
| c | Размеры | 22 см | ||
| 653 | a | Ключевые слова | Русская литература | |
| a | Ключевые слова | Учебники для средней школы | ||
| 700 | 1_ | a | Другие авторы | Мотольская Дина Клементьевна |
| q | Полное имя | Мотольская, Д. К. | ||
| 852 | q | Физ. особенности экз. | ||
| 901 | t | Тип документа | m | |
| 920 | a | Оператор | Рунт | |
| 930 | a | Новая/Ретро | учебники | |
| 952 | c | Вид литературы | К ру | |
| 954 | a | Дата поступления на обработку | 20100405 |